اكتمل التصدير — 

Zum Krönungstag der Königin Hatschepsût

محفوظ في:

المؤلف الرئيسي: Schott, Siegfried.

التنسيق: كتاب

اللغة: German

منشور في: Göttingen : Vandenhoeck and Ruprecht, 1955.

سلاسل: Göttingen. Akademie der Wissenschaften. Philologisch-Historische Klasse, Nachrichten, no.6, 1955.

الموضوعات:

الوسوم: إضافة وسم

لا توجد وسوم, كن أول من يضع وسما على هذه التسجيلة!

رقم الطلب: ( P )DT87 .S375 1955

LEADER 00868nam a2200229Ia 4500
003 OSt
005 20240708113007.0
008 770304s1955 gw af 000 0 ger d
952 |0 0  |1 0  |2 lcc  |4 0  |7 1  |9 43809  |a ARCE  |b ARCE  |d 2022-11-24  |l 0  |o ( P )DT87 .S375 1955  |p 1020940  |r 2022-11-24 00:00:00  |w 2022-11-24  |y BK 
999 |c 50266  |d 50266 
040 |c ARCE Library 
050 4 |a ( P )DT87 .S375 1955 
100 1 |a Schott, Siegfried. 
245 1 0 |a Zum Krönungstag der Königin Hatschepsût  
264 1 |a Göttingen :   |b Vandenhoeck and Ruprecht,   |c 1955. 
300 |a p. [195]-219, 8 p. of plates :   |b ill. ;   |c 25 cm. 
490 0 |a Göttingen. Akademie der Wissenschaften. Philologisch-Historische Klasse, Nachrichten, no.6, 1955. 
600 0 0 |a Hatshepsut -- 18th dynasty. 
600 0 0 |a Hatshepsut, Queen of Egypt. 
650 0 |a Coronations -- Egypt. 
901 |a reviewed 
942 |2 lcc  |c BK